<?xml version="1.0" encoding="UTF-8"?>
<record
    xmlns:xsi="http://www.w3.org/2001/XMLSchema-instance"
    xsi:schemaLocation="http://www.loc.gov/MARC21/slim http://www.loc.gov/standards/marcxml/schema/MARC21slim.xsd"
    xmlns="http://www.loc.gov/MARC21/slim">

  <leader>01071nam a22002657a 4500</leader>
  <controlfield tag="005">20170123162319.0</controlfield>
  <datafield tag="010" ind1=" " ind2=" ">
    <subfield code="a">B-050652</subfield>
  </datafield>
  <datafield tag="020" ind1=" " ind2=" ">
    <subfield code="c">200.00</subfield>
  </datafield>
  <datafield tag="035" ind1=" " ind2=" ">
    <subfield code="a">B-050652</subfield>
  </datafield>
  <datafield tag="037" ind1=" " ind2=" ">
    <subfield code="b">Cen Lib/Ret</subfield>
  </datafield>
  <datafield tag="040" ind1=" " ind2=" ">
    <subfield code="a">DPL</subfield>
    <subfield code="b">UR</subfield>
  </datafield>
  <datafield tag="082" ind1=" " ind2=" ">
    <subfield code="a">853.092</subfield>
    <subfield code="b">&#x627; &#x62C; &#x6CC; </subfield>
  </datafield>
  <datafield tag="100" ind1=" " ind2=" ">
    <subfield code="a">&#x627;&#x62C;&#x6CC;&#x62A; &#x6A9;&#x648;&#x631; </subfield>
    <subfield code="9">661</subfield>
  </datafield>
  <datafield tag="245" ind1=" " ind2=" ">
    <subfield code="a">&#x62E;&#x627;&#x646;&#x6C1; &#x628;&#x62F;&#x648;&#x634;  : </subfield>
    <subfield code="c">&#x627;&#x627;&#x62C;&#x6CC;&#x62A; &#x6A9;&#x648;&#x631; &#x61B; &#x6C1;&#x646;&#x62F;&#x6CC; &#x633;&#x6D2; &#x62A;&#x631;&#x62C;&#x645;&#x6C1; &#x648;&#x647;&#x627;&#x62C;&#x62F;&#x62F;&#x6CC;&#x6BA; &#x627;&#x62D;&#x645;&#x62F; &#x639;&#x644;&#x648;&#x6CC;   </subfield>
    <subfield code="b">&#x633;&#x627;&#x6C1;&#x62A;&#x6CC;&#x6C1; &#x627;&#x6A9;&#x627;&#x62F;&#x645;&#x6CC; &#x633;&#x6D2; &#x627;&#x646;&#x639;&#x627;&#x645; &#x6CC;&#x627;&#x641;&#x62A;&#x6C1;  /</subfield>
  </datafield>
  <datafield tag="246" ind1=" " ind2=" ">
    <subfield code="a">Khana Badosh : sahitya academi se inaam yafta /</subfield>
    <subfield code="b">by AJeet Kaur ; translated into hindi by Vahaj Aluddin Ahmad Alvi</subfield>
  </datafield>
  <datafield tag="260" ind1=" " ind2=" ">
    <subfield code="a">&#x646;&#x6CC;&#x6CC; &#x62F;&#x6C1;&#x644;&#x6CC; </subfield>
    <subfield code="b">&#x645;&#x627;&#x688;&#x631;&#x646; &#x67E;&#x628;&#x644;&#x634;&#x646;&#x6AF; &#x6C1;&#x627;&#x624;&#x633; </subfield>
    <subfield code="c">2001</subfield>
  </datafield>
  <datafield tag="270" ind1=" " ind2=" ">
    <subfield code="b">&#x646;&#x6CC;&#x6CC; &#x62F;&#x6C1;&#x644;&#x6CC; </subfield>
    <subfield code="a">&#x669;&#x60C; &#x6AF;&#x648;&#x644;&#x6C1; &#x645;&#x627;&#x631;&#x6A9;&#x6CC;&#x679; &#x62F;&#x631;&#x6CC;&#x627;&#x6AF;&#x646;&#x62C; </subfield>
    <subfield code="e">110002</subfield>
  </datafield>
  <datafield tag="300" ind1=" " ind2=" ">
    <subfield code="a">176p.</subfield>
    <subfield code="c">21cm(Hb)</subfield>
  </datafield>
  <datafield tag="650" ind1=" " ind2=" ">
    <subfield code="a">&#x627;&#x631;&#x62F;&#x648; &#x627;&#x62F;&#x628; </subfield>
    <subfield code="9">116097</subfield>
  </datafield>
  <datafield tag="650" ind1=" " ind2=" ">
    <subfield code="a">&#x627;&#x631;&#x62F;&#x648; &#x646;&#x627;&#x648;&#x644;    </subfield>
    <subfield code="9">547</subfield>
  </datafield>
  <datafield tag="650" ind1=" " ind2=" ">
    <subfield code="a">Urdu literature </subfield>
    <subfield code="9">116098</subfield>
  </datafield>
  <datafield tag="650" ind1=" " ind2=" ">
    <subfield code="a">Urdu novel</subfield>
    <subfield code="9">116099</subfield>
  </datafield>
  <datafield tag="700" ind1=" " ind2=" ">
    <subfield code="a">&#x648;&#x647;&#x627;&#x62C;&#x62F;&#x62F;&#x6CC;&#x6BA; &#x627;&#x62D;&#x645;&#x62F; &#x639;&#x644;&#x648;&#x6CC; </subfield>
    <subfield code="9">116100</subfield>
  </datafield>
  <datafield tag="942" ind1=" " ind2=" ">
    <subfield code="2">ddc</subfield>
    <subfield code="c">UR</subfield>
    <subfield code="h">853.092</subfield>
    <subfield code="m">&#x627; &#x62C; &#x6CC; </subfield>
  </datafield>
  <datafield tag="999" ind1=" " ind2=" ">
    <subfield code="c">106928</subfield>
    <subfield code="d">106928</subfield>
  </datafield>
  <datafield tag="952" ind1=" " ind2=" ">
    <subfield code="0">0</subfield>
    <subfield code="1">0</subfield>
    <subfield code="4">0</subfield>
    <subfield code="7">0</subfield>
    <subfield code="a">L</subfield>
    <subfield code="b">L</subfield>
    <subfield code="d">2015-12-31</subfield>
    <subfield code="e">Cen Lib/Ret</subfield>
    <subfield code="g">200.00</subfield>
    <subfield code="l">0</subfield>
    <subfield code="o">853.092 &#x627; &#x62C; &#x6CC;</subfield>
    <subfield code="p">B-050652</subfield>
    <subfield code="r">2015-12-31 00:00:00</subfield>
    <subfield code="t">1</subfield>
    <subfield code="v">200.00</subfield>
    <subfield code="w">2015-12-31</subfield>
    <subfield code="y">UR</subfield>
  </datafield>
</record>
